ბათუმის შოთა რუსთაველის სახელმწიფო უნივერსიტეტის ბიბლიოთეკა

ბიოეთიკა. (ბიბ.ჩანაწერი № 41631)

000 -LEADER
fixed length control field 00757nam a2200253Ia 4500
001 - CONTROL NUMBER
control field 8300
003 - CONTROL NUMBER IDENTIFIER
control field GE_BSU
008 - FIXED-LENGTH DATA ELEMENTS--GENERAL INFORMATION
fixed length control field 181216s||||||||xx |||||||||||||| ||und||
020 ## - INTERNATIONAL STANDARD BOOK NUMBER
International Standard Book Number 9789941177811.
040 ## - CATALOGING SOURCE
Transcribing agency GE_BSU
080 ## - UNIVERSAL DECIMAL CLASSIFICATION NUMBER
Universal Decimal Classification number 174+614.253(075.8)
100 ## - MAIN ENTRY--PERSONAL NAME
Personal name მამულაშვილი,ბელა.
245 ## - TITLE STATEMENT
Title ბიოეთიკა.
245 ## - TITLE STATEMENT
Remainder of title სახელმძღვანელო
245 ## - TITLE STATEMENT
Statement of responsibility, etc. რედ:რამაზ ხეცურიანი
250 ## - EDITION STATEMENT
Edition statement მე-12 განახლ.გამოც.
260 ## - PUBLICATION, DISTRIBUTION, ETC.
Place of publication, distribution, etc. თბილისი.
260 ## - PUBLICATION, DISTRIBUTION, ETC.
Name of publisher, distributor, etc. უნივერსალი.
260 ## - PUBLICATION, DISTRIBUTION, ETC.
Date of publication, distribution, etc. 2012
300 ## - PHYSICAL DESCRIPTION
Extent 378გვ;20სმ.
653 ## - INDEX TERM--UNCONTROLLED
Uncontrolled term ბიოეთიკა
942 ## - ADDED ENTRY ELEMENTS (KOHA)
Koha item type წიგნი
ეგზემპლარები
Withdrawn status Lost status Damaged status Not for loan Date acquired Barcode Date last seen Price effective from Koha item type
        2018-12-17 30167 2018-12-17 2018-12-17 წიგნი
        2018-12-17 30168 2018-12-17 2018-12-17 წიგნი
        2018-12-17 30169 2018-12-17 2018-12-17 წიგნი
        2018-12-17 30170 2018-12-17 2018-12-17 წიგნი
        2018-12-17 30171 2018-12-17 2018-12-17 წიგნი
        2018-12-17 30172 2018-12-17 2018-12-17 წიგნი
        2018-12-17 30173 2018-12-17 2018-12-17 წიგნი
        2018-12-17 30174 2018-12-17 2018-12-17 წიგნი
        2018-12-17 30175 2018-12-17 2018-12-17 წიგნი
        2018-12-17 30176 2018-12-17 2018-12-17 წიგნი